000 00266nam a22001337a 4500
999 _c166077
_d166077
020 _a
082 _a
_b
100 _aShooba K S
245 _aM N Vijayante lokangal/
_cby Shooba K S.
260 _a
_b
_c2010.
300 _a486p.
650 _a
942 _cBK